00454nam a2200133Ia 4500008004100000082001600041100004000057245011500097260003900212300000900251520001100260650002800271700002100299230907s9999||||xx |||||||||||||| ||und|| a621.31bSHE aSherjeel Mahmood Baig (00000171714) 0aAgent-based Modeling and Simulation of an Optimal Bidding Approach for Financial Transmission Rights Auction / aUSPCAS-E, NUST,bIslamabad :c2019 a5 p. aTH-129 aMS-EEP Thesis MS Thesis aDr. Kashif Imran